| 000 | 00427nam a2200193Ia 4500 | ||
|---|---|---|---|
| 999 |
_c37567 _d37567 |
||
| 003 | 0100 | ||
| 005 | 20180307142155.0 | ||
| 008 | 130303s9999 xx 000 0 und d | ||
| 040 | _cARRUPELIB | ||
| 050 | _aDT948.M7 1967 | ||
| 100 |
_aMtshali, B. Vulindlela _940259 |
||
| 245 |
_aRhodesia: _bbackground to conflict / |
||
| 260 |
_aNew York _bHawthorn Books _c1967 |
||
| 300 | _a255p. | ||
| 300 | _b 23 cm | ||
| 650 |
_aIndigenous peoples _zZimbabwe _910425 |
||
| 650 |
_aZimbabwe _xHistory _910314 |
||
| 650 |
_aZimbabwe _xPolitics _93690 |
||
| 942 | 0 | 0 |
_01 _2lcc _cMONOGRAPH |